000 00559nam a2200193Ia 4500
999 _c55150
_d55150
003 GCL
005 20240530105338.0
008 140319s9999 xx 000 0 ara d
040 _aGCL /
_cGCL
082 0 4 _a233
_bا ث
100 1 _aاحمد بن حنبل
245 1 0 _aثلاثة كتب عن المسند /
_cاحمد بن حنبل
260 _a[S.N] :
_bمكتبة الشباب ،
_c1990
300 _a123 ص
650 0 4 _aالحديث
650 0 4 _aعلم رواية الحديث
650 0 4 _aالصحابة والتابعون
942 _2ddc
_cBK